Arts of Renaissance and Baroque Period - Statistics

General Stats
  • This quiz has been taken 109 times
  • The average score is 4 of 9
Answer Stats
Title, Paintings, Sculptures Characters % Correct
The Italian Painter, Architect, Scientist etc. Mona Lisa, The Supper Leonardo di ser Piero Da Vinci
98%
The Italian Sculptor, Architect, Artist, Poet. Bachus, Pieta, Moses, David, Dying Slave, Dawn and Dusk Michel Angelo di Lodovico Buonarroti Simoni
95%
The First Baroque Artist David, Apollo and Daphne, The Rape of Proserpina, Ecstasy of Saint Teresa, Aeneas, Anchises, and Ascanius Gian Lorenzo Bernini
38%
The Italian Artist Known as "Caravaggio" Judith Beheading Holofernes ,The Calling of St Matthew, Narcissus, Bacchus, David with the Head of Goliath Michel Angelo Merisi
33%
The Brilliant Dutch Painter The Night Watch, The Return of the Prodigal Son, Self-portraits, The Anatomy Lesson of Dr. Nicolaes Tulp Rembrant Harmenszoon van Rijn
30%
The Painter of Spanish Gold Age Las Meninas, Portrait of Innocent X, Rokeby Venus, Old Woman Frying Eggs Diego Velasquez
28%
The Femish Baroque Painter The Elevation of the Cross, The Judgement of Paris, The Disembarkation at Marseilles, Massacre of the Innocents Peter Paul Rubens
28%
The Italian Great Artist of the Period. David Donato di Niccolo di Betto Bardi
11%
The Italian Painter, Architect of The High Renaissance Period. The Transfiguration Raffaelo Sanzio da Urbino
5%
No matching quizzes found
Score Distribution
Percent of People with Each Score
Percentile by Number Answered
Your Score History
You have not taken this quiz